[Event "Korcsoportos Bajnokság u16f"]
[Site "Balatonlelle"]
[Date "2015.06.18"]
[Round "1.1"]
[White "Szukics, Adam"]
[Black "Peczely, Sebastian Zsombor"]
[Result "0-1"]
[WhiteElo "1781"]
[BlackElo "2260"]
[PlyCount "58"]
[EventDate "2015.06.18"]
[EventType "swiss"]
[EventRounds "7"]
[EventCountry "HUN"]
[WhiteClock "0:02:45"]
[BlackClock "0:03:52"]

1. e4 e5 2. Nf3 Nc6 3. Bb5 a6 4. Ba4 Nge7 5. O-O g6 6. c3 Bg7 7. d4 exd4 8.
cxd4 b5 9. Bb3 O-O 10. Nc3 d6 11. h3 Na5 12. Bc2 h6 13. Bf4 Bb7 14. Re1 Rc8 15.
Qe2 Re8 16. Rad1 Nc4 17. Bd3 Nb6 18. Qd2 Kh7 19. Ne2 Ng8 20. Ng3 c5 21. h4 cxd4
22. h5 Ne7 23. Nf1 Nc6 24. N1h2 Ne5 25. Nxd4 Nec4 26. Bxc4 Nxc4 27. Qb4 Qb6 28.
Be3 Nxe3 29. Rxe3 Rc4 0-1

[Event "Korcsoportos Bajnokság u16f"]
[Site "Balatonlelle"]
[Date "2015.06.18"]
[Round "1.2"]
[White "Papp, Tamas"]
[Black "Haselbach, David"]
[Result "1-0"]
[WhiteElo "2247"]
[BlackElo "1955"]
[PlyCount "65"]
[EventDate "2015.06.18"]
[EventType "swiss"]
[EventRounds "7"]
[EventCountry "HUN"]
[WhiteClock "0:04:29"]
[BlackClock "0:00:55"]

1. d4 Nf6 2. Nf3 g6 3. c4 Bg7 4. Nc3 O-O 5. Bf4 d6 6. h3 Nbd7 7. e3 c5 8. d5
Qa5 9. Qd2 a6 10. a4 Re8 11. Ra3 Nf8 12. Be2 Qc7 13. O-O Bf5 14. Nh4 Rad8 15.
Nxf5 gxf5 16. Bf3 Ng6 17. Bg3 Nd7 18. a5 Nde5 19. Be2 e6 20. Rd1 Bf8 21. Na4
exd5 22. cxd5 Bh6 23. f4 Nd7 24. Bd3 Ne7 25. Bh4 f6 26. Nb6 Nxb6 27. axb6 Qxb6
28. Bxf6 Bg7 29. Qc3 Bxf6 30. Qxf6 Ng6 31. Bxf5 Nf8 32. e4 c4+ 33. Kh2 1-0

[Event "Korcsoportos Bajnokság u16f"]
[Site "Balatonlelle"]
[Date "2015.06.18"]
[Round "1.3"]
[White "Fodor, Balazs"]
[Black "Marosi, Levente"]
[Result "0-1"]
[WhiteElo "1918"]
[BlackElo "2205"]
[PlyCount "104"]
[EventDate "2015.06.18"]
[EventType "swiss"]
[EventRounds "7"]
[EventCountry "HUN"]
[WhiteClock "0:01:12"]
[BlackClock "0:09:06"]

1. d4 Nf6 2. Nf3 g6 3. g3 Bg7 4. Bg2 O-O 5. O-O d6 6. a4 Nbd7 7. a5 a6 8. Nc3
c6 9. e4 Qc7 10. Bg5 h6 11. Be3 Kh7 12. Nd2 c5 13. d5 b5 14. axb6 Nxb6 15. Nb3
Rb8 16. Qe2 Ng4 17. Na5 Nxe3 18. Qxe3 Bd7 19. h4 Nc8 20. Nc4 Rb4 21. b3 Bb5 22.
Nxb5 axb5 23. Nd2 Bd4 24. Qe2 c4 25. Ra6 Qb7 26. Ra2 Nb6 27. h5 Bc3 28. hxg6+
fxg6 29. bxc4 bxc4 30. Nf3 Bg7 31. Nh4 Qd7 32. Qe3 c3 33. Kh2 Nc4 34. Qd3 Nd2
35. e5 Rxh4+ 36. gxh4 Bxe5+ 37. Kg1 Nxf1 38. h5 Rf6 39. Kxf1 Qb7 40. Ra1 Qb6
41. hxg6+ Kg7 42. Bf3 Rf4 43. Kg2 Qb7 44. Rh1 Qc8 45. Qb5 Qf5 46. Qe2 Qf6 47.
Be4 Bd4 48. f3 Qg5+ 49. Kf1 Rh4 50. f4 Qxf4+ 51. Bf3 Rxh1+ 52. Kg2 Qh2# 0-1

[Event "Korcsoportos Bajnokság u16f"]
[Site "Balatonlelle"]
[Date "2015.06.18"]
[Round "1.4"]
[White "Czupor, Attila"]
[Black "Horvath, Kristof"]
[Result "1/2-1/2"]
[WhiteElo "2173"]
[BlackElo "1875"]
[PlyCount "76"]
[EventDate "2015.06.18"]
[EventType "swiss"]
[EventRounds "7"]
[EventCountry "HUN"]
[WhiteClock "0:00:41"]
[BlackClock "0:00:43"]

1. e4 e5 2. Nf3 Nc6 3. Bb5 a6 4. Ba4 d6 5. O-O Bd7 6. c3 g6 7. d4 Bg7 8. Bg5
Nge7 9. dxe5 dxe5 10. Qe2 O-O 11. Rd1 Nd4 12. Nxd4 Bxa4 13. Nc2 Qe8 14. b3 Bd7
15. Nb4 a5 16. Bxe7 Qxe7 17. Nd5 Qd8 18. Qe3 Ra6 19. Qc5 Rd6 20. Qxa5 f5 21.
Nd2 Bc6 22. c4 Bh6 23. Qc3 Rd7 24. Nf3 fxe4 25. Nxe5 Bg7 26. Qg3 Rd6 27. Rac1
Bxd5 28. cxd5 Rxd5 29. Rxd5 Qxd5 30. Ng4 c6 31. h3 Qd2 32. Rc4 Bd4 33. Ne3 c5
34. Rc2 Qe1+ 35. Kh2 Qa5 36. Re2 b5 37. Qg4 Qc7+ 38. Kg1 Qe5 1/2-1/2

[Event "Korcsoportos Bajnokság u16f"]
[Site "Balatonlelle"]
[Date "2015.06.18"]
[Round "1.5"]
[White "Mengyan, Marton"]
[Black "Marta, Dominik"]
[Result "0-1"]
[WhiteElo "1788"]
[BlackElo "2145"]
[PlyCount "56"]
[EventDate "2015.06.18"]
[EventType "swiss"]
[EventRounds "7"]
[EventCountry "HUN"]
[WhiteClock "1:05:50"]
[BlackClock "0:57:02"]

1. e4 Nf6 2. e5 Nd5 3. d4 d6 4. c4 Nb6 5. Nc3 dxe5 6. dxe5 Qxd1+ 7. Nxd1 Nc6 8.
f4 Bf5 9. Be2 Be4 10. Ne3 Nd4 11. Nf3 Bxf3 12. gxf3 e6 13. Bd2 O-O-O 14. Bc3
Bc5 15. Kf1 Nxf3 16. Nc2 Nd2+ 17. Kg2 Ndxc4 18. Bxc4 Nxc4 19. Kf3 Rd3+ 20. Ke2
Rhd8 21. Rad1 Rxd1 22. Rxd1 Rxd1 23. Kxd1 Ne3+ 24. Nxe3 Bxe3 25. Ke2 Bxf4 26.
h3 c5 27. Kf3 Bc1 28. b3 Kd7 0-1

[Event "Korcsoportos Bajnokság u16f"]
[Site "Balatonlelle"]
[Date "2015.06.18"]
[Round "1.6"]
[White "Polyik, Peter"]
[Black "Marton, Denes"]
[Result "1-0"]
[WhiteElo "2143"]
[BlackElo "1752"]
[PlyCount "63"]
[EventDate "2015.06.18"]
[EventType "swiss"]
[EventRounds "7"]
[EventCountry "HUN"]
[WhiteClock "0:40:31"]
[BlackClock "0:01:06"]

1. d4 Nf6 2. c4 g6 3. Nc3 Bg7 4. e4 d6 5. Be2 O-O 6. Bg5 Nbd7 7. Qd2 e5 8. d5
a5 9. O-O-O Nc5 10. f3 Bd7 11. g4 Qb8 12. h4 a4 13. Nh3 Qa7 14. Be3 Qa5 15. Nf2
Rfb8 16. Nd3 Ne8 17. h5 c6 18. hxg6 Nxd3+ 19. Bxd3 fxg6 20. Kb1 a3 21. b3 Nf6
22. Rc1 cxd5 23. exd5 Re8 24. Bg5 Rf8 25. Qh2 Rf7 26. Ne4 Nxe4 27. Qxh7+ Kf8
28. Bxe4 Bf6 29. Qxg6 Bxg5 30. Rh8+ Ke7 31. Qxg5+ Rf6 32. Rh7+ 1-0

[Event "Korcsoportos Bajnokság u16f"]
[Site "Balatonlelle"]
[Date "2015.06.18"]
[Round "1.7"]
[White "Koltai, Daniel"]
[Black "Ugroczky, Peter"]
[Result "0-1"]
[WhiteElo "1680"]
[BlackElo "2108"]
[PlyCount "104"]
[EventDate "2015.06.18"]
[EventType "swiss"]
[EventRounds "7"]
[EventCountry "HUN"]
[WhiteClock "0:29:04"]
[BlackClock "0:37:15"]

1. e4 c5 2. Nf3 d6 3. d4 cxd4 4. Nxd4 Nf6 5. Nc3 Nc6 6. g3 g6 7. Bg2 Bd7 8. O-O
Bg7 9. h3 O-O 10. Be3 Ne5 11. b3 Qc8 12. Nd5 Nxd5 13. exd5 Bxh3 14. c4 Bxg2 15.
Kxg2 Ng4 16. Bg5 Nf6 17. Qd3 Qc5 18. Rad1 e5 19. Nb5 Qb6 20. Qf3 a6 21. Bxf6
axb5 22. Bxg7 Kxg7 23. Qe2 bxc4 24. bxc4 Qc5 25. Rh1 Rh8 26. Qd2 h6 27. Rc1 Ra4
28. Rh4 Qa5 29. Qxa5 Rxa5 30. Rb1 Rb8 31. Rb2 Ra4 32. Re4 f5 33. Ree2 b6 34. c5
dxc5 35. Rxe5 Kf7 36. Re6 b5 37. Rc2 c4 38. Rce2 Ra7 39. Rd6 Re7 40. Rxe7+ Kxe7
41. Rxg6 Rc8 42. Rxh6 c3 43. Rh1 Kd6 44. Rc1 Kxd5 45. Kf3 Kc4 46. Ke2 Re8+ 47.
Kf3 Ra8 48. Kf4 Rxa2 49. Kxf5 Rxf2+ 50. Ke4 b4 51. Ke3 Ra2 52. g4 b3 0-1

[Event "Korcsoportos Bajnokság u16f"]
[Site "Balatonlelle"]
[Date "2015.06.18"]
[Round "1.8"]
[White "Gorcsi, Gabor"]
[Black "Szuhanszki, Gergely"]
[Result "1-0"]
[WhiteElo "2081"]
[BlackElo "1653"]
[PlyCount "53"]
[EventDate "2015.06.18"]
[EventType "swiss"]
[EventRounds "7"]
[EventCountry "HUN"]
[WhiteClock "0:28:09"]
[BlackClock "0:50:59"]

1. d4 Nf6 2. c4 g6 3. Nc3 d5 4. cxd5 Nxd5 5. e4 Nxc3 6. bxc3 Bg7 7. Bc4 c5 8.
Ne2 Nc6 9. Be3 O-O 10. O-O cxd4 11. cxd4 Bg4 12. f3 Na5 13. Bd3 Be6 14. d5 Bxa1
15. Qxa1 f6 16. Qd4 Bd7 17. Bh6 Re8 18. Qf2 Qc7 19. Bf4 Qb6 20. Be3 Qb2 21. Qg3
Rac8 22. Bd4 Qd2 23. f4 Nc4 24. e5 Nb2 25. Bxg6 hxg6 26. Qxg6+ Kf8 27. e6 1-0

[Event "Korcsoportos Bajnokság u16f"]
[Site "Balatonlelle"]
[Date "2015.06.18"]
[Round "1.9"]
[White "Radacsi, Marton"]
[Black "Szilassi, Abel"]
[Result "0-1"]
[WhiteElo "1585"]
[BlackElo "2064"]
[PlyCount "94"]
[EventDate "2015.06.18"]
[EventType "swiss"]
[EventRounds "7"]
[EventCountry "HUN"]
[WhiteClock "0:50:30"]
[BlackClock "0:55:38"]

1. e4 e6 2. d4 d5 3. Nd2 Nf6 4. e5 Nfd7 5. Bd3 c5 6. c3 Nc6 7. Ne2 Qb6 8. Nf3
f6 9. exf6 Nxf6 10. Qb3 Bd6 11. dxc5 Bxc5 12. Qxb6 Bxb6 13. Bf4 O-O 14. O-O Ng4
15. Bg3 e5 16. Bc2 Bf5 17. Bb3 Rad8 18. Rad1 e4 19. Rxd5 Kh8 20. Rxd8 Rxd8 21.
Ng5 Nge5 22. Bxe5 Nxe5 23. Ng3 Bg6 24. N5xe4 Nd3 25. Rd1 Nxb2 26. Rxd8+ Bxd8
27. Nd6 b6 28. Nf7+ Bxf7 29. Bxf7 Na4 30. Ne4 Bf6 31. Nxf6 gxf6 32. c4 Kg7 33.
Bd5 Nc3 34. a3 Nxd5 35. cxd5 Kf7 36. g4 Ke7 37. Kg2 Kd6 38. Kg3 Kxd5 39. h4 b5
40. g5 fxg5 41. hxg5 a5 42. f4 b4 43. axb4 axb4 44. f5 b3 45. g6 hxg6 46. fxg6
Ke6 47. g7 Kf7 0-1

[Event "Korcsoportos Bajnokság u16f"]
[Site "Balatonlelle"]
[Date "2015.06.18"]
[Round "1.10"]
[White "Buzas, Bertalan"]
[Black "Posztos, Marcell"]
[Result "1-0"]
[WhiteElo "2038"]
[BlackElo "1516"]
[PlyCount "53"]
[EventDate "2015.06.18"]
[EventType "swiss"]
[EventRounds "7"]
[EventCountry "HUN"]
[WhiteClock "0:40:31"]
[BlackClock "0:10:39"]

1. e4 e6 2. d4 d5 3. Nd2 Nf6 4. e5 Nfd7 5. Bd3 c5 6. c3 Nc6 7. Ne2 f6 8. Nf4
Qe7 9. exf6 Qxf6 10. Nf3 cxd4 11. O-O Be7 12. cxd4 O-O 13. Bb5 Bd6 14. Bxc6
bxc6 15. Nd3 e5 16. Bg5 Qf5 17. dxe5 Nxe5 18. Ndxe5 Bxe5 19. Nxe5 Qxe5 20. Qd2
Rf5 21. Rae1 Qd6 22. Re8+ Kf7 23. Rfe1 Kg6 24. Bh4 h6 25. g4 Rf4 26. Qd3+ Bf5
27. gxf5+ 1-0

[Event "Korcsoportos Bajnokság u16f"]
[Site "Balatonlelle"]
[Date "2015.06.18"]
[Round "1.11"]
[White "Toth, Viktor"]
[Black "Simon, Lili"]
[Result "0-1"]
[WhiteElo "1457"]
[BlackElo "2012"]
[PlyCount "66"]
[EventDate "2015.06.18"]
[EventType "swiss"]
[EventRounds "7"]
[EventCountry "HUN"]
[WhiteClock "0:00:35"]
[BlackClock "0:00:33"]

1. e4 e5 2. Nf3 Nc6 3. Bc4 Bc5 4. c3 Nf6 5. d4 exd4 6. cxd4 Bb4+ 7. Bd2 Bxd2+
8. Nbxd2 d5 9. exd5 Nxd5 10. O-O O-O 11. Re1 Nb6 12. Bb3 Nxd4 13. Nxd4 Qxd4 14.
Nf3 Qf6 15. Qc2 c6 16. Re3 Bg4 17. Rae1 Rad8 18. Qe2 h6 19. h3 Bxf3 20. Rxf3
Qg5 21. Qe7 Nd5 22. Qxb7 Nf4 23. Rg3 Qf6 24. Qxa7 Rd3 25. Ree3 Rd2 26. Rgf3 Qd6
27. Qe7 Qxe7 28. Rxe7 Ne2+ 29. Kf1 Nd4 30. Rfxf7 Rxf7 31. Re8+ Kh7 32. Bxf7
Rxb2 33. Re1 Nc2 0-1

[Event "Korcsoportos Bajnokság u16f"]
[Site "Balatonlelle"]
[Date "2015.06.18"]
[Round "1.12"]
[White "Bege, Levente"]
[Black "Molnar, Tamas"]
[Result "1-0"]
[WhiteElo "2004"]
[BlackElo "1433"]
[PlyCount "93"]
[EventDate "2015.06.18"]
[EventType "swiss"]
[EventRounds "7"]
[EventCountry "HUN"]
[WhiteClock "0:34:22"]
[BlackClock "0:29:33"]

1. e4 e5 2. Nf3 Nf6 3. Nc3 Nc6 4. d4 Bb4 5. Nxe5 Nxe4 6. Qf3 Nd6 7. Nxc6 dxc6
8. Bd3 Qh4 9. Bf4 O-O 10. O-O Bg4 11. Qe3 Rfe8 12. Qd2 Ne4 13. Bxe4 Rxe4 14. f3
Bxf3 15. Rxf3 Qh5 16. Qd3 Rxd4 17. Rh3 Rxd3 18. Rxh5 Rd4 19. Be3 Rg4 20. Rd1
Re8 21. Rg5 Rc4 22. Rd3 f6 23. Rg3 Rh4 24. h3 f5 25. Ne2 Bd6 26. Rf3 Rhe4 27.
Kf2 Bc5 28. Nc3 Be7 29. Rxf5 Bh4+ 30. Kf3 R4e6 31. Nd1 g6 32. Rf4 Bg5 33. Rfd4
Bf6 34. Rd7 Rf8 35. Ke2 Bh4 36. Rxc7 Rb8 37. Rdd7 Bf6 38. Rxb7 Rbe8 39. Rxa7 h5
40. c3 Bg5 41. Rd3 Bf4 42. a4 Bh2 43. Rad7 Bg3 44. Rd8 Kf8 45. a5 Bc7 46. Rxe8+
Kxe8 47. b4 1-0

[Event "Korcsoportos Bajnokság u16f"]
[Site "Balatonlelle"]
[Date "2015.06.19"]
[Round "2.1"]
[White "Peczely, Sebastian Zsombor"]
[Black "Gorcsi, Gabor"]
[Result "0-1"]
[WhiteElo "2260"]
[BlackElo "2081"]
[PlyCount "78"]
[EventDate "2015.06.18"]
[EventType "swiss"]
[EventRounds "7"]
[EventCountry "HUN"]
[WhiteClock "0:30:06"]
[BlackClock "0:03:24"]

1. e4 c5 2. Nf3 d6 3. d4 cxd4 4. Nxd4 Nf6 5. Nc3 g6 6. g3 Bg7 7. Bg2 O-O 8. O-O
a6 9. a4 Qc7 10. h3 Nc6 11. Nde2 b6 12. Nd5 Nxd5 13. exd5 Na5 14. Ra2 Bf5 15.
b3 Rfc8 16. c4 b5 17. axb5 axb5 18. g4 Bd7 19. c5 Qxc5 20. b4 Qxb4 21. Bd2 Qc5
22. Bxa5 b4 23. Nc1 Rxa5 24. Nb3 Rxa2 25. Nxc5 Rxc5 26. Qb1 Rb2 27. Qe4 Bf6 28.
Rb1 Rxb1+ 29. Qxb1 Rc4 30. Bf1 Rf4 31. Kg2 Ba4 32. Bd3 Rd4 33. Be4 b3 34. Kg3
b2 35. h4 Bb3 36. g5 Bg7 37. Bf3 Ra4 38. Qe1 Be5+ 39. Kg2 Bc2 0-1

[Event "Korcsoportos Bajnokság u16f"]
[Site "Balatonlelle"]
[Date "2015.06.19"]
[Round "2.2"]
[White "Ugroczky, Peter"]
[Black "Papp, Tamas"]
[Result "1-0"]
[WhiteElo "2108"]
[BlackElo "2247"]
[PlyCount "207"]
[EventDate "2015.06.18"]
[EventType "swiss"]
[EventRounds "7"]
[EventCountry "HUN"]
[WhiteClock "0:41:08"]
[BlackClock "0:34:05"]

1. e4 c5 2. Nf3 e6 3. d4 cxd4 4. Nxd4 a6 5. Bd3 Nf6 6. O-O d6 7. c4 g6 8. Nc3
Bg7 9. Re1 O-O 10. Bf1 Qc7 11. Be3 Nbd7 12. Nf3 Ng4 13. Bd4 Nge5 14. Nxe5 dxe5
15. Be3 Rd8 16. Qc2 b6 17. Rac1 Bb7 18. b4 Bf8 19. Qb3 a5 20. a3 axb4 21. axb4
Bc6 22. Red1 Qa7 23. Bg5 f6 24. Be3 Kf7 25. c5 bxc5 26. Bc4 Nb6 27. Bxe6+ Kg7
28. Rxd8 Rxd8 29. bxc5 Na4 30. Nxa4 Bxa4 31. Qb6 Qa8 32. Bd5 Qc8 33. Qa7+ Qd7
34. c6 Qxa7 35. Bxa7 Rc8 36. g3 Bd6 37. Bb6 Rf8 38. Be6 Ba3 39. Ra1 Bxc6 40.
Rxa3 Bxe4 41. Ra7+ Kh8 42. Rd7 Rb8 43. Rd8+ Rxd8 44. Bxd8 Kg7 45. Kf1 Bf3 46.
Ke1 Be4 47. Kd2 Bf3 48. Ke3 Bc6 49. Bg4 Kf7 50. Bf3 Bd7 51. Bd5+ Kg7 52. Ba5
Bf5 53. Bc3 Bd7 54. Kd3 Bb5+ 55. Ke4 Bd7 56. f3 Bf5+ 57. Ke3 Bd7 58. Bb2 Bc8
59. Bc6 Ba6 60. Ke4 Bc4 61. Bd5 Bb5 62. Ke3 Ba6 63. f4 exf4+ 64. Kxf4 h5 65. h4
Bd3 66. Bd4 Bc2 67. Ke3 Bf5 68. Kd2 Bd7 69. Kc3 Be8 70. Kb4 Bf7 71. Kc5 Bxd5
72. Kxd5 Kf7 73. Be3 Ke7 74. Bh6 Kd7 75. Be3 Ke7 76. Bd2 Kd7 77. Bb4 g5 78. Bd2
gxh4 79. gxh4 Ke7 80. Ke4 Ke6 81. Kf4 Ke7 82. Kf5 Kf7 83. Bc3 Kg7 84. Bxf6+ Kh6
85. Bg5+ Kg7 86. Bd2 Kh7 87. Kg5 Kg7 88. Kxh5 Kh7 89. Kg5 Kg7 90. h5 Kh7 91.
Bc3 Kg8 92. Kg6 Kf8 93. h6 Ke7 94. h7 Ke6 95. h8=Q Kd5 96. Qd4+ Kc6 97. Kf5 Kb5
98. Ke5 Kc6 99. Qd5+ Kc7 100. Qd6+ Kb7 101. Kd5 Kc8 102. Qe7 Kb8 103. Kc6 Ka8
104. Qb7# 1-0

[Event "Korcsoportos Bajnokság u16f"]
[Site "Balatonlelle"]
[Date "2015.06.19"]
[Round "2.3"]
[White "Marosi, Levente"]
[Black "Buzas, Bertalan"]
[Result "1/2-1/2"]
[WhiteElo "2205"]
[BlackElo "2038"]
[PlyCount "87"]
[EventDate "2015.06.18"]
[EventType "swiss"]
[EventRounds "7"]
[EventCountry "HUN"]
[WhiteClock "0:23:12"]
[BlackClock "1:20:48"]

1. e4 c6 2. Nc3 d5 3. Nf3 Nf6 4. e5 Ne4 5. d4 Nxc3 6. bxc3 e6 7. Bd3 Be7 8. Be3
b6 9. h4 h6 10. Rh3 c5 11. Nh2 c4 12. Bf1 h5 13. Nf3 Nc6 14. Rg3 Bxh4 15. Nxh4
Qxh4 16. Qf3 Ne7 17. Bg5 Qe4+ 18. Qxe4 dxe4 19. Bxe7 Kxe7 20. Rxg7 Bb7 21. Kd2
Bd5 22. Ke3 Rag8 23. Rxg8 Rxg8 24. Rb1 Kd7 25. Rd1 Kc6 26. g3 h4 27. gxh4 Rh8
28. Bg2 Rxh4 29. Rh1 Rg4 30. Bf1 Rg7 31. Be2 Kb5 32. Rb1+ Kc6 33. Rb4 a5 34.
Rb1 Rh7 35. a4 Rh3+ 36. Kd2 Rh2 37. Ke3 Rh3+ 38. Kd2 Rh2 39. Rf1 b5 40. axb5+
Kxb5 41. Rb1+ Kc6 42. Ke3 Rh3+ 43. Kd2 Rh2 44. Ke3 1/2-1/2

[Event "Korcsoportos Bajnokság u16f"]
[Site "Balatonlelle"]
[Date "2015.06.19"]
[Round "2.4"]
[White "Marta, Dominik"]
[Black "Bege, Levente"]
[Result "1-0"]
[WhiteElo "2145"]
[BlackElo "2004"]
[PlyCount "41"]
[EventDate "2015.06.18"]
[EventType "swiss"]
[EventRounds "7"]
[EventCountry "HUN"]
[WhiteClock "0:38:46"]
[BlackClock "0:22:58"]

1. Nf3 d5 2. g3 Nf6 3. Bg2 Bg4 4. d4 c6 5. O-O e6 6. Ne5 Bf5 7. Nd2 Nbd7 8. Nd3
Bd6 9. Re1 O-O 10. e4 dxe4 11. Nxe4 Nxe4 12. Bxe4 Qf6 13. c3 e5 14. dxe5 Nxe5
15. Nxe5 Bxe5 16. Qc2 Bg6 17. Be3 Bxe4 18. Qxe4 Rfe8 19. Bf4 Qd8 20. Bxe5 f6
21. Qc4+ 1-0

[Event "Korcsoportos Bajnokság u16f"]
[Site "Balatonlelle"]
[Date "2015.06.19"]
[Round "2.5"]
[White "Szilassi, Abel"]
[Black "Polyik, Peter"]
[Result "0-1"]
[WhiteElo "2064"]
[BlackElo "2143"]
[PlyCount "70"]
[EventDate "2015.06.18"]
[EventType "swiss"]
[EventRounds "7"]
[EventCountry "HUN"]
[WhiteClock "0:32:00"]
[BlackClock "0:35:31"]

1. e4 c5 2. Nf3 d6 3. d4 cxd4 4. Nxd4 Nf6 5. Nc3 Nc6 6. Bc4 g6 7. f3 Bg7 8. Be3
O-O 9. Qd2 Bd7 10. O-O-O Rc8 11. Bb3 Ne5 12. Bh6 Bxh6 13. Qxh6 Rxc3 14. bxc3
Qc7 15. Qe3 a5 16. f4 Neg4 17. Qe1 a4 18. h3 axb3 19. cxb3 Nf2 20. Qxf2 Qxc3+
21. Nc2 Rc8 22. Kb1 Nxe4 23. Qe2 Ng3 24. Qd3 Qxd3 25. Rxd3 Nxh1 26. g4 h5 27.
Re3 hxg4 28. hxg4 Bxg4 29. Rxe7 Bf5 30. Re2 Ng3 31. Rg2 Nh5 32. Rf2 Rxc2 33.
Rxc2 Nxf4 34. Kb2 Bxc2 35. Kxc2 Kf8 0-1

[Event "Korcsoportos Bajnokság u16f"]
[Site "Balatonlelle"]
[Date "2015.06.19"]
[Round "2.6"]
[White "Simon, Lili"]
[Black "Czupor, Attila"]
[Result "1/2-1/2"]
[WhiteElo "2012"]
[BlackElo "2173"]
[PlyCount "47"]
[EventDate "2015.06.18"]
[EventType "swiss"]
[EventRounds "7"]
[EventCountry "HUN"]
[WhiteClock "0:14:53"]
[BlackClock "0:23:58"]

1. Nf3 Nf6 2. c4 g6 3. g3 Bg7 4. Bg2 O-O 5. d4 d6 6. Nc3 Nc6 7. O-O e5 8. d5
Ne7 9. e4 Ne8 10. Ne1 f5 11. Nd3 Nf6 12. Bg5 Nxe4 13. Nxe4 fxe4 14. Bxe4 Bf5
15. Qe2 Bf6 16. Bxf6 Rxf6 17. f4 Bxe4 18. Qxe4 exf4 19. Nxf4 Qd7 20. Ne6 Rxf1+
21. Rxf1 Nf5 22. g4 Ng7 23. Nxg7 Kxg7 24. Re1 1/2-1/2

[Event "Korcsoportos Bajnokság u16f"]
[Site "Balatonlelle"]
[Date "2015.06.19"]
[Round "2.7"]
[White "Horvath, Kristof"]
[Black "Szukics, Adam"]
[Result "1/2-1/2"]
[WhiteElo "1875"]
[BlackElo "1985"]
[PlyCount "75"]
[EventDate "2015.06.18"]
[EventType "swiss"]
[EventRounds "7"]
[EventCountry "HUN"]
[WhiteClock "0:01:57"]
[BlackClock "0:02:16"]

1. e4 e5 2. Nf3 Nc6 3. d4 exd4 4. Nxd4 Bc5 5. Nb3 Bb4+ 6. c3 Be7 7. Bd3 Nf6 8.
O-O O-O 9. Be3 Re8 10. Qc2 d6 11. h3 Bf8 12. N1d2 Ne5 13. Be2 Bd7 14. Nd4 Nc6
15. Bg5 h6 16. Bh4 Ne5 17. Rae1 Ng6 18. Bg3 c5 19. N4f3 b5 20. b3 Bc6 21. Bd3
Nh5 22. e5 Nxg3 23. fxg3 Nxe5 24. Nxe5 Rxe5 25. Rxe5 dxe5 26. Bh7+ Kh8 27. Rxf7
Qd5 28. Rf3 Qe6 29. Bf5 Qd6 30. Re3 Rd8 31. Nf3 Bxf3 32. gxf3 Be7 33. Rd3 Qc7
34. Qd2 Rd6 35. Rd5 Rxd5 36. Qxd5 Qd6 37. Qxd6 Bxd6 38. Kf2 1/2-1/2

[Event "Korcsoportos Bajnokság u16f"]
[Site "Balatonlelle"]
[Date "2015.06.19"]
[Round "2.8"]
[White "Haselbach, David"]
[Black "Radacsi, Marton"]
[Result "1-0"]
[WhiteElo "1955"]
[BlackElo "1585"]
[PlyCount "73"]
[EventDate "2015.06.18"]
[EventType "swiss"]
[EventRounds "7"]
[EventCountry "HUN"]
[WhiteClock "0:40:24"]
[BlackClock "0:20:21"]

1. e4 e6 2. d4 d5 3. Nd2 Nf6 4. Bd3 c5 5. c3 Qb6 6. e5 Nfd7 7. Ne2 Nc6 8. Nf3
cxd4 9. cxd4 Bb4+ 10. Bd2 f6 11. exf6 Nxf6 12. O-O O-O 13. Rc1 Bd7 14. Bxb4
Nxb4 15. Bb1 Bb5 16. Re1 Qa6 17. Nf4 Ne4 18. Bxe4 Rxf4 19. Bxh7+ Kxh7 20. Ng5+
Kg6 21. Rxe6+ Kxg5 22. Rxa6 Bxa6 23. Qd2 Nd3 24. g3 Kf6 25. gxf4 Nxc1 26. Qxc1
Re8 27. Qc5 Re1+ 28. Kg2 Bf1+ 29. Kg3 Be2 30. Qd6+ Kf7 31. Qxd5+ Kg6 32. f5+
Kh7 33. Qxb7 Rg1+ 34. Kf4 Rg4+ 35. Ke3 Bf1 36. d5 Rh4 37. f6 1-0

[Event "Korcsoportos Bajnokság u16f"]
[Site "Balatonlelle"]
[Date "2015.06.19"]
[Round "2.9"]
[White "Szuhanszki, Gergely"]
[Black "Fodor, Balazs"]
[Result "1/2-1/2"]
[WhiteElo "1653"]
[BlackElo "1918"]
[PlyCount "84"]
[EventDate "2015.06.18"]
[EventType "swiss"]
[EventRounds "7"]
[EventCountry "HUN"]
[WhiteClock "0:40:08"]
[BlackClock "0:29:51"]

1. Nf3 Nf6 2. g3 d5 3. Bg2 c5 4. c4 e6 5. O-O Be7 6. cxd5 exd5 7. d4 O-O 8. Nc3
h6 9. dxc5 Bxc5 10. Bf4 Nc6 11. Ne5 Be6 12. Nd3 Bb6 13. Rc1 d4 14. Na4 Bxa2 15.
Ne5 Bd5 16. Bxd5 Qxd5 17. Nxb6 axb6 18. Nf3 Ra2 19. Rc2 Ne4 20. Nd2 Nxd2 21.
Rxd2 Qb5 22. Bd6 Rd8 23. Ba3 Qd5 24. Qb1 b5 25. Rfd1 Qe6 26. Bc5 Raa8 27. Bxd4
Nxd4 28. Rxd4 Rxd4 29. Rxd4 Qxe2 30. Rd7 Qf3 31. Qd1 Qc6 32. Qd5 Rf8 33. b3 Kh7
34. Rd6 Qc1+ 35. Kg2 Qc7 36. Rd7 Qc6 37. Rd6 Qe8 38. Qxb7 Qe5 39. Rb6 f5 40.
Rxb5 Qc3 41. Qf3 Qc2 42. Rd5 Kh8 1/2-1/2

[Event "Korcsoportos Bajnokság u16f"]
[Site "Balatonlelle"]
[Date "2015.06.19"]
[Round "2.10"]
[White "Posztos, Marcell"]
[Black "Mengyan, Marton"]
[Result "1/2-1/2"]
[WhiteElo "1516"]
[BlackElo "1788"]
[PlyCount "35"]
[EventDate "2015.06.18"]
[EventType "swiss"]
[EventRounds "7"]
[EventCountry "HUN"]
[WhiteClock "0:30:24"]
[BlackClock "0:29:34"]

1. d4 e6 2. e4 d5 3. exd5 exd5 4. Bd3 Bd6 5. Nf3 Bg4 6. O-O Ne7 7. c3 Qd7 8.
Nbd2 Bf5 9. Qc2 Nbc6 10. b3 O-O-O 11. Bb2 Rdg8 12. c4 Bxd3 13. Qxd3 g5 14. cxd5
Nb4 15. Qc4 Nexd5 16. Ne4 Rg6 17. Nxd6+ Rxd6 18. Ne5 1/2-1/2

[Event "Korcsoportos Bajnokság u16f"]
[Site "Balatonlelle"]
[Date "2015.06.19"]
[Round "2.11"]
[White "Marton, Denes"]
[Black "Toth, Viktor"]
[Result "1-0"]
[WhiteElo "1752"]
[BlackElo "1457"]
[PlyCount "49"]
[EventDate "2015.06.18"]
[EventType "swiss"]
[EventRounds "7"]
[EventCountry "HUN"]
[WhiteClock "0:50:03"]
[BlackClock "0:50:32"]

1. d4 Nf6 2. c4 g6 3. Nc3 Bg7 4. e4 d6 5. f3 O-O 6. Be3 e5 7. Nge2 Nc6 8. d5
Ne7 9. Qd2 Ne8 10. g4 c5 11. h4 f6 12. O-O-O Rf7 13. Ng3 Kf8 14. Bd3 Ng8 15. f4
h6 16. g5 hxg5 17. fxg5 fxg5 18. Bxg5 Bf6 19. Rdf1 Ke7 20. Bc2 Kd7 21. Ba4+ Ke7
22. h5 gxh5 23. Nxh5 Bxg5 24. Qxg5+ Nef6 25. Nxf6 1-0

[Event "Korcsoportos Bajnokság u16f"]
[Site "Balatonlelle"]
[Date "2015.06.19"]
[Round "2.12"]
[White "Molnar, Tamas"]
[Black "Koltai, Daniel"]
[Result "0-1"]
[WhiteElo "1433"]
[BlackElo "1680"]
[PlyCount "74"]
[EventDate "2015.06.18"]
[EventType "swiss"]
[EventRounds "7"]
[EventCountry "HUN"]
[WhiteClock "0:17:22"]
[BlackClock "0:19:02"]

1. e4 c5 2. Nf3 d6 3. d4 cxd4 4. Nxd4 Nf6 5. Nc3 g6 6. f4 Bg7 7. e5 Nh5 8. Bb5+
Bd7 9. e6 fxe6 10. Nxe6 Bxc3+ 11. bxc3 Qc8 12. Qd4 Nf6 13. Qc4 Qxc4 14. Bxc4
Bxe6 15. Bxe6 Na6 16. O-O Nc5 17. Bc4 d5 18. Bb5+ Kf7 19. f5 a6 20. Be2 Rac8
21. Bf3 Rhd8 22. fxg6+ Kxg6 23. Ba3 e5 24. Rab1 b5 25. g3 Rc6 26. c4 bxc4 27.
Bxc5 Rxc5 28. Rb6 Kg7 29. Rxa6 e4 30. Bg2 Rf8 31. Rf4 Rb5 32. Kf1 Rb2 33. Bh3
Rxc2 34. a4 e3 35. Ra7+ Rf7 36. Ra8 Rb7 37. Kg1 e2 0-1